banner-ar

رسالة يعقوب / (Record no. 33340)

MARC details
000 -الفاتح
حقل البيانات ثابتة الطول 00902nam a2200229Ia 4500
005 - وقت وتاريخ اخر تعامل مع التسجيلة
رقم الضبط 20240530102612.0
008 - عناصر البيانات ثابتة الطول - معلومات عامة
حقل البيانات ثابتة الطول 140319s1992 ua g 000 0 ara d
017 ## - رقم الايداع القانونى
رقم الايداع القانونى 1992/8108
المصدر ( الهيئة المختصة) مصر. دار الكتب
040 ## - مصدر الفهرسة
وكالة الفهرسة الأصلية GCL /
وكالة النسخ GCL
082 04 - رقم تصنيف ديوى العشرى
رقم التصنيف 272.78/
رقم المادة م ر
100 1# - المدخل الرئيسى - إسم شخصى
الإسم الشخصى مو، دوجلاس
245 10 - بيان العنوان
العنوان رسالة يعقوب /
بيان المسئوليه,etc بقلم دوجلاس مو ؛ نقلة الى العربية نكلس نسيم ؛ المحرر المسئول جوزيف صابر
260 ## - PUBLICATION, DISTRIBUTION, ETC. (IMPRINT)
تاريخ النشر أو التوزيع 1992
300 ## - الوصف المادى
التعداد 209 ص ؛
أبعاد الوعاء 24 سم.
490 0# - بيان السلسلة
عنوان السلسلة التفسير الحديث للكتاب المقدس : العهد الجديد ؛
رقم المجلد/ التعيين التسلسلي 2
650 07 - المدخل الاضافى بالموضوع-مصطلح موضوعى
مصدر الرأس أو المصطلح qrmak
مصطلح موضوعي العهد الجديد
650 07 - المدخل الاضافى بالموضوع-مصطلح موضوعى
مصدر الرأس أو المصطلح qrmak
مصطلح موضوعي رسالة يعقوب
700 0# - المدخل الاضافى - اسم شخصى
الإسم الشخصى جوزيف صابر
الدور محرر
700 0# - المدخل الاضافى - اسم شخصى
الإسم الشخصى نكلس نسيم
الدور مترجم
942 ## - عناصر المدخل الإضافي( كوها)
مصدر التصنيف او مخطط الترفيف Dewey Decimal Classification
Koha [default] item type كتاب
260 ## - PUBLICATION, DISTRIBUTION, ETC. (IMPRINT)
-- القاهرة :
-- دار الثقافة العربية ،
Holdings
حالة التراجع حالة الفقد حالة تلف ليس للاعارة المكان المؤقت الموقع الحالى موقع الترفيف تاريخ الاكتساب اجمالي اﻻعارات رقم الطلب الباركود تاريخ اخر مشاهدة تاريخ تفعيل السعر نوع وعاء كوها
        مكتبة القاهرة الكبرى مكتبة القاهرة الكبرى ق الرئيسية_الديانات_ك عربى 03/26/2014   272.78/م ر 79267 03/26/2014 03/26/2014 كتاب
        مكتبة القاهرة الكبرى مكتبة القاهرة الكبرى ق الرئيسية_الديانات_ك عربى 03/26/2014   272.78/م ر 79268 03/26/2014 03/26/2014 كتاب

Powered By

EGPV